Una pena observada

Saved in:
書目詳細資料
主要作者: Lewis, C. S (Author)
格式: 圖書
語言:西班牙语
出版: Santiago Andrés Bello 1994
版:1a. ed
主題:
標簽: 添加標簽
沒有標簽, 成為第一個標記此記錄!

MARC

LEADER 00000cam a2200000 a 4500
001 UCF4077
003 CL-VaPUC
008 121115e19940000CL |||||||||||||||||spa|d
020 |a 9561312557 
082 0 4 |a 242.4  |b LEW  |2 21 
100 |a Lewis, C. S  |e author  |9 328236 
245 1 4 |a Una pena observada 
250 |a 1a. ed 
300 |a 87 p 
942 |c BK 
945 |d 20121115 00:00:00  |a dcastane 
260 |a Santiago  |b Andrés Bello  |c 1994 
650 7 |a TRISTEZA  |2 CL-VaPUC  |9 450088 
650 7 |a DUELO  |2 CL-VaPUC  |9 383482 
650 0 |a Miedo   |9 307306 
650 0 |a Sentimientos   |9 334266 
650 7 |a CONSUELO  |2 CL-VaPUC  |9 266268 
583 |a last modification  |c 20150505 01:38:22  |k Rodrigo Vera 
999 |c 350068  |d 350066 
952 |0 0  |1 0  |3 erb  |4 0  |6 242_400000000000000_LEW_1994  |7 0  |8 A  |9 453047  |a BIBEDU  |b BIBEDU  |e Villagrán Garnham, Jorge  |i 5170141  |o 242.4 LEW 1994  |p 5170141  |r 2019-11-22  |w 2019-11-22  |y BK  |z Catalogado en:20150423  |k LIT